000 00262nam a22001217a 4500
008 180418b xxu||||| |||| 00| 0 eng d
041 _aeng
080 _a10702
100 _a0
101 _aBTH
245 _aRezort Turistik- VILLAT
_cCetaj, A
942 _2udc
_cBK
999 _c45287
_d45287